Wynalazki według państwa #2 - Statystyki

Ogólne statystyki
  • Ten quiz został rozwiązany 878 razy
  • Średni wynik to 11 z 20
Statystyki odpowiedzi
Wynalazek Rok Państwo % Poprawnych
Hokej na lodzie (współcześnie) 1875 Kanada
85%
Samba ok. 1890 Brazylia
82%
Fotografia 1822 Francja
82%
Układ okresowy 1869 Rosja
81%
Papirus ok. 2560 p. n. e. Egipt
78%
Tango ok. 1890 Argentyna / Urugwaj
76%
Fonograf 1877 Stany Zjednoczone
73%
Szczepionka 1796 Wielka Brytania
60%
Pieniądze papierowe ok. 960 Chiny
58%
Udomowienie kukurydzy ok. 7000 p. n. e. Meksyk
52%
Pisanie ok. 3100 p. n. e. Irak
48%
Morfina 1804 Niemcy
44%
Komunikacja radiowa (praktyczna) ok. 1894 Włochy
44%
Emotikony 1997 Japonia
43%
Systemy liczb dziesiętnych, włączając zero ok. 628 Indie
40%
Bajgiel ok. 1610 Polska
38%
Teleskop ok. 1608 Holandia
23%
Zumba 2001 Kolumbia
22%
Bubble tea ok. 1980 Tajwan
22%
Buty ugg ok. 1933 Australia
20%
Nie znaleziono quizów pasujących do podanych kryteriów
Rozkład punktacji
Procent ludzi z każdym wynikiem
Percentyl według liczby udzielonych odpowiedzi
Twoja historia wyników
Nie rozwiązałeś tego quizu